000 00246nam a22001097a 4500
082 _a158
_bALA/B
100 _aALANKRITA
245 _aBUILD SELF CONFIDENCE
260 _aDELHI
_bPUSTAK MAHAL
650 _aPERSONALITY DEVELOPMENT
_zDELHI
942 _cBK
999 _c5187
_d5187